contribution of watershed classification in bokor area (វិភាគទាននៃការរៀប​ចំចំណាត់ថ្នាក់ទីជំរាលនៅតំបន់បូកគោ) (Record no. 3194)

000 -LEADER
fixed length control field 00566nam a22001577a 4500
003 - CONTROL NUMBER IDENTIFIER
control field OSt
005 - DATE AND TIME OF LATEST TRANSACTION
control field 20151106084315.0
008 - FIXED-LENGTH DATA ELEMENTS--GENERAL INFORMATION
fixed length control field 151106b xxu||||| |||| 00| 0 eng d
040 ## - CATALOGING SOURCE
Transcribing agency RUA
082 ## - DEWEY DECIMAL CLASSIFICATION NUMBER
Classification number FOR MEA 1997 B124 Or.1
100 ## - MAIN ENTRY--PERSONAL NAME
9 (RLIN) 3424
Personal name MEAS, RITHY.
245 ## - TITLE STATEMENT
Title contribution of watershed classification in bokor area (វិភាគទាននៃការរៀប​ចំចំណាត់ថ្នាក់ទីជំរាលនៅតំបន់បូកគោ)
260 ## - PUBLICATION, DISTRIBUTION, ETC. (IMPRINT)
Place of publication, distribution, etc. Phnom Penh
Name of publisher, distributor, etc. RUA
Date of publication, distribution, etc. 1997
300 ## - PHYSICAL DESCRIPTION
Extent 96p.
Other physical details ill.
Dimensions 29cm,
942 ## - ADDED ENTRY ELEMENTS (KOHA)
Source of classification or shelving scheme
Koha item type FOR
Holdings
Price effective from Date last seen Permanent Location Not for loan Date acquired Source of classification or shelving scheme Koha item type Barcode Lost status Damaged status Shelving location Withdrawn status Current Location Full call number
2015-11-062015-11-06Library Block B 2015-11-06 FORRUA026036  B124 Library Block BFOR MEA 1997 B124 Or.1
2015-11-062015-11-06Library Block B 2015-11-06 FORRUA026380  B124 Library Block BFOR MEA 1997 B124 Or.2
2015-11-062015-11-06Library Block B 2015-11-06 FORRUA026306  B124 Library Block BFOR MEA 1997 B124 Or.3
2015-11-062015-11-06Library Block B 2015-11-06 FORRUA026445  B124 Library Block BFOR MEA 1997 B124 Or.4
មជ្ឈមណ្ឌលឯការនៃសាកលវិទ្យាល័យភូមិន្ទកសិកម្មចំការដូង

Powered by Koha